| 000 | 00952 a2200253 4500 | ||
|---|---|---|---|
| 003 | OSt | ||
| 005 | 20230527062636.0 | ||
| 008 | 220811b2021 mx ad||f |||| 001 0 spa d | ||
| 020 | _a9786071741059 | ||
| 040 | _cCHAP | ||
| 082 | 0 | 0 |
_a631.068 _bO68 2021 _222 |
| 245 | 0 | 0 |
_aOrganización de operaciones agropecuarias / _cbasado en el trabajo de Johan D. Berlijn; con la colaboración de Pieter M. Rijk.,...[y otros]. |
| 250 | _aQuinta edición | ||
| 264 | 1 |
_aMéxico: _bTrillas, _c2021. |
|
| 300 |
_a127 páginas _bIlustraciones, cuadros, gráficas |
||
| 490 | 1 |
_aManuales para educación agropecuaria. _v50 |
|
| 504 | _aIncluye índice y bibliografía | ||
| 650 | 2 |
_9146124 _aMaquinaria y equipamiento agrícola |
|
| 650 | 0 |
_9137437 _aAdministración agrícola |
|
| 700 | 1 |
_aBerlijn, Johan D. _911826 |
|
| 700 | 1 |
_9137267 _a Rijk, Pieter M. |
|
| 830 | 0 |
_970688 _aManuales para educación agropecuaria. _pAdministración rural. |
|
| 942 |
_2ddc _cLIBRO |
||
| 999 |
_c217504 _d217504 |
||